Business ethics. (Record no. 157619)

MARC details
000 -LEADER
fixed length control field 00649nam a2200229Ia 4500
003 - CONTROL NUMBER IDENTIFIER
control field OSt
005 - DATE AND TIME OF LATEST TRANSACTION
control field 20230330154306.0
008 - FIXED-LENGTH DATA ELEMENTS--GENERAL INFORMATION
fixed length control field 210423s2008 xx 000 0 und d
020 ## - INTERNATIONAL STANDARD BOOK NUMBER
International Standard Book Number 9780195691658
040 ## - CATALOGING SOURCE
Transcribing agency AL
041 ## - LANGUAGE CODE
Language code of text/sound track or separate title eng
082 ## - DEWEY DECIMAL CLASSIFICATION NUMBER
Classification number 658.11 CRAA
100 ## - MAIN ENTRY--PERSONAL NAME
Personal name CRANE (Andrew Crane);MATTEN (Dirk).
9 (RLIN) 80396
245 ## - TITLE STATEMENT
Title Business ethics.
250 ## - EDITION STATEMENT
Edition statement 2
260 ## - PUBLICATION, DISTRIBUTION, ETC.
Place of publication, distribution, etc. Oxford
Name of publisher, distributor, etc. Oxford University Press
Date of publication, distribution, etc. 2008
300 ## - PHYSICAL DESCRIPTION
Extent xxiii,566
Other physical details PB
365 ## - TRADE PRICE
Price amount 350
Currency code INR
650 ## - SUBJECT ADDED ENTRY--TOPICAL TERM
Topical term or geographic name entry element Management
9 (RLIN) 80397
906 ## - LOCAL DATA ELEMENT F, LDF (RLIN)
a age ; Business ; citizenship ; corporate ; ethics ; ethics. ; globalization ; managing ; sustainability
942 ## - ADDED ENTRY ELEMENTS (KOHA)
Source of classification or shelving scheme Dewey Decimal Classification
Koha item type Book
Holdings
Withdrawn status Lost status Damaged status Not for loan Collection code Home library Current library Date acquired Source of acquisition Cost, normal purchase price Total Checkouts Full call number Barcode Date last seen Price effective from Koha item type
        M Com St Aloysius PG Library St Aloysius PG Library 01/04/2010 Athulya Books 350.00   658.11 CRAA PG004095 08/24/2022 04/26/2021 Book